000 00948 a2200229 4500
003 UA-OsUOA
005 20230410092955.0
008 230405b un ||||| |||| 00| 0 ukr d
020 _a9786177747528
040 _aUA-OsUOA
_bukr
_cUA-OsUOA
_dUA-OsUOA
041 _aukr
080 _a94(477)
090 _a94(477)
_bС77
100 _aСтасюк О.
245 _aСтановлення, формування, діяльність тоталітарної інституції уповноважених в УСРР в роки голодомору-геноциду
_bмонографія
_cОлеся Стасюк
260 _aПереяслав
_bДомбровська Я. М.
_c2021
300 _a356 с.
650 _2UDC
_a94(477) Історія України
942 _cBK
_2udc
955 _a1
999 _c574108
_d574108